00725cam a22002177a 4500003000500000005001700005008004100022010001000063011001000073035001000083040000900093110005500102245008700157260007200244300002900316410005400345490001400399650002600413810005400439830001400493CHAP20220817042147.0971013s1927 mx a r 00010 spa d a36383 a37355 a41475 cCHAP2 aMéxico. Dirección de Agricultura y Ganadería10aBreves instrucciones a los ganaderos para la campaña contra piroplasmosis bovina a(México, D.F.) :bDirección de Agricultura y Ganadería,c1927 a11 p.b; gráfs. : ilus00aMéxico.Dirección de Agricultura y Ganadería 0aBoletín14aPiroplasmosis bovina.00aMéxico.Dirección de Agricultura y Ganadería0 aBoletín